| 000 | 01293cam a2200349 i 4500 | ||
|---|---|---|---|
| 001 | 42103 | ||
| 003 | Mx-PuUPA | ||
| 005 | 20250210135429.0 | ||
| 008 | 140415s2012 sp gr 000 0 spa d | ||
| 020 | _a9788499201214 | ||
| 040 |
_aMx-PuUPA _bspa _cMx-PuUPA _dMx-PuUPA _erda |
||
| 041 | 1 |
_aspa _heng |
|
| 240 | 1 | 0 |
_aOracles of science. _lEspañol |
| 245 | 0 | 0 |
_aOráculos de la ciencia : _bcientíficos famosos contra Dios y la religión / _cKarl Giberson, Mariano Artigas ; prólogo de Juan Arana ; traducción, Lázaro Sanz Velázquez |
| 264 | 1 |
_aMadrid : _bEdiciones Encuentro, _c©2012 |
|
| 300 |
_aviii, 372 páginas ; _c23 cm |
||
| 336 |
_2rdacontent _atexto _btxt |
||
| 337 |
_2rdamedia _asin medio _bn |
||
| 338 |
_2rdacarrier _avolumen _bnc |
||
| 490 | 0 | _aCiencia | |
| 490 | 0 |
_aColección Ensayos ; _v457 |
|
| 650 | 7 |
_2armarc _aReligión y ciencia |
|
| 650 | 7 |
_2armarc _aReligión _vFilosofía |
|
| 700 | 1 |
_aGiberson, Karl, _eautor _9770 |
|
| 700 | 1 |
_aArtigas, Mariano, _eautor |
|
| 700 | 1 |
_aArana, Juan, _eprologuista |
|
| 700 | 1 |
_aSanz Velázquez, Lázaro, _etraductor |
|
| 765 | 0 |
_aGiberson, Karl, _d[Nueva York?] : Oxford University Press, ©2007 _tOracles of science. |
|
| 942 |
_2ddc _cLI _h201.65 _iO63 |
||
| 999 |
_c42103 _d42103 |
||